<?xml version="1.0" encoding="UTF-8"?>
<marc:record xmlns:marc="http://www.loc.gov/MARC21/slim">
   <marc:leader>00000nam a2200000 a 4500</marc:leader>
   <marc:datafield ind1=" " ind2=" " tag="653">
      <marc:subfield code="a">Märchen</marc:subfield>
   </marc:datafield>
   <marc:datafield ind1=" " ind2=" " tag="653">
      <marc:subfield code="a">Prinzessin</marc:subfield>
   </marc:datafield>
   <marc:datafield ind1=" " ind2=" " tag="653">
      <marc:subfield code="a">Animationsfilm</marc:subfield>
   </marc:datafield>
   <marc:datafield ind1="0" ind2="0" tag="245">
      <marc:subfield code="a">Die Prinzessin und das Biest</marc:subfield>
   </marc:datafield>
   <marc:datafield ind1=" " ind2="1" tag="264">
      <marc:subfield code="a">Hamburg</marc:subfield>
      <marc:subfield code="b">Splendid Film Gmbh</marc:subfield>
      <marc:subfield code="c">2023</marc:subfield>
   </marc:datafield>
   <marc:datafield ind1="1" ind2=" " tag="520">
      <marc:subfield code="a">Prinzessin Barbara ist unsterblich verliebt in Prinz Edward! Die rebellische Teenagerin verschlingt die Bücher über seine Heldentaten und schwelgt in romantischen Tagträumen. Als ihr Vater König Elijah sie mit dem hinterhältigen Joyce verheiraten will, sieht sie nur einen Ausweg: Sie schwingt sich auf ihr treues Pferd Fireball und flieht im Galopp in den nahegelegenen Wald, um Prinz Edward zu suchen. Stattdessen fällt sie dort dem Räuber Bogey in die Hände, einem mürrischen, behaarten Monster, das mit seinem Kumpan Rabbit die Wälder unsicher macht. Wie so oft täuscht jedoch die harte Schale: Eigentlich ist der wilde Bogey ein herzensguter Kerl, und nach anfänglichen Meinungsverschiedenheiten machen sie sich gemeinsam auf den Weg, um Barbaras Traumprinzen zu finden</marc:subfield>
   </marc:datafield>
   <marc:datafield ind1=" " ind2=" " tag="020">
      <marc:subfield code="a">4013549146050</marc:subfield>
      <marc:subfield code="9">4013549146050</marc:subfield>
   </marc:datafield>
   <marc:datafield ind1=" " ind2=" " tag="500">
      <marc:subfield code="a">FSK: ab 6</marc:subfield>
   </marc:datafield>
   <marc:datafield ind1="0" ind2=" " tag="490">
      <marc:subfield code="v">0</marc:subfield>
   </marc:datafield>
   <marc:datafield ind1=" " ind2=" " tag="300">
      <marc:subfield code="a">94 Min.</marc:subfield>
   </marc:datafield>
</marc:record>
